000 00626 a2200181 4500
999 _c188110
_d188110
005 20220510151825.0
010 _aENG-132581
020 _a9789385981517
_c500.00
035 _aEN-116113
037 _bDBAD/PUB
082 _a302
_b1
100 _a Raghunandan Prasad
245 _aDyanmics of Social Psychology/
_cRaghunandan prasad singh
260 _aNew Delhi
_bSatyam Publishing House
_c2017
270 _aN-3/25,Mohan Garden, Uttam Nagar , New Delhi -110059
_bNew Delhi
_e110059
_k9899665801
_msatyampub_2006@yahoo.com
300 _a168p.
_c22cm (pbk)
_bBibliography
942 _adpl
_cEN
_2ddc
_h302
_mRAG